| 000 | 00632nam a2200193Ia 4500 | ||
|---|---|---|---|
| 003 | IN-BaIIA | ||
| 008 | 211028s9999 xx 000 0 eng d | ||
| 020 | _a978-0-19-920581-3 | ||
| 040 | _cIIA Library | ||
| 080 |
_a523.07 _bGAL |
||
| 100 |
_aGale, Joseph _933058 |
||
| 245 | 0 |
_aAstrobiology of earth _bthe emergence, evolution and future of life on a planet in turmoil _cJoseph Gale |
|
| 260 |
_aOxford _bOxford University Press _c2009 |
||
| 300 | _axvi, 245p. | ||
| 650 |
_aExtraterrestrial life _94250 |
||
| 650 |
_aLife on earth _931426 |
||
| 650 | _aSolar system | ||
| 942 | _cBK | ||
| 999 |
_c17495 _d17495 |
||